The award in education and training
সংরক্ষণ করুন:
| প্রধান লেখক: | |
|---|---|
| বিন্যাস: | গ্রন্থ |
| ভাষা: | ইংরেজি |
| প্রকাশিত: |
Sage Publications
2014
|
| ট্যাগগুলো: |
ট্যাগ যুক্ত করুন
কোনো ট্যাগ নেই, প্রথমজন হিসাবে ট্যাগ করুন!
|
MARC
| LEADER | 00000nam a22000007a 4500 | ||
|---|---|---|---|
| 008 | 210406b ||||| |||| 00| 0 eng d | ||
| 020 | |a 978-1-4739-1221-2 | ||
| 100 | |a GRAVELLS, Ann. | ||
| 245 | |a The award in education and training |c Ann Gravells |g xxii, - 220p.; ill. | ||
| 250 | |b rev. ed | ||
| 260 | |b Sage Publications |c 2014 |h Los Angeles |i 692459 |i 692460 |l LC5256.G7G78 |m Continuing education - Study and teaching – Great Britain. |m Adult education – Study and teaching – Great Britain. |m College teaching – Great Britain. |m College teachers – Training of – Great Britain. |m College teachers – Certification – Great Britain. | ||
| 500 | |a “It includes references and index” | ||
| 942 | |a lcc |c BK |e YUNUSA, A.A. |f 60/04/21 | ||
| 952 | |0 0 |1 0 |2 lcc |4 0 |7 0 |9 2003 |a HOL |b ED |c LP |d 2021-04-06 |o LC5256 .G7G78 |p 2021-5864 |r 2021-04-06 00:00:00 |t 692459 |w 2021-04-06 |y BK | ||
| 952 | |0 0 |1 0 |2 lcc |4 0 |7 0 |9 2004 |a HOL |b HOL |c LP |d 2021-04-06 |o LC5256 .G7G78 |p 2021-5865 |r 2021-04-06 00:00:00 |t 692460 |w 2021-04-06 |y BK | ||
| 999 | |c 1050 |d 1050 | ||